Estatutos de la Asociación Vallvidrera
Descripción Física:
12 p. ; 14 cm
Materias:
Asociación Vallvidrera -- Estatuts
MARC
| LEADER | 00000nam a2200000Ia 4500 | ||
|---|---|---|---|
| 001 | 20176 | ||
| 003 | BGR | ||
| 005 | 20260324180150.0 | ||
| 008 | 160829s1927 xx 000 0 cat d | ||
| 080 | |a 3908, exp. 33 | ||
| 110 | 2 | |9 70340 |a Asociación Vallvidrera | |
| 245 | |a Estatutos de la Asociación Vallvidrera | ||
| 260 | |a Barcelona : |b Imprenta Durán Alsina, |c 1927 | ||
| 300 | |a 12 p. ; |c 14 cm | ||
| 650 | |a Asociación Vallvidrera |x Estatuts |9 48320 | ||
| 901 | |a Arxiu | ||
| 942 | |n 1 |2 udc |c MON | ||
| 952 | |0 0 |1 0 |4 0 |6 3908_EXP_33 |7 1 |9 54466 |a Arxiu |b Arxiu |d 2016-12-01 |l 0 |o 3908, exp. 33 |p 20176 |r 2016-12-01 00:00:00 |w 2016-12-01 |y ARXIU | ||
| 999 | |c 58335 |d 58335 | ||